| 000 | 00806nam a2200289Ia 4500 | ||
|---|---|---|---|
| 001 | 17077 | ||
| 003 | DO-SdUEMH | ||
| 005 | 20251013184257.0 | ||
| 007 | ta | ||
| 008 | 211105s9999 fr |||gr|||| 001 | spa|d | ||
| 040 |
_aDO-SdUEMH _bspa _erda |
||
| 041 |
_aspa _hfr |
||
| 082 |
_a724.9 C792M 1978 _bC792m _mCG |
||
| 084 | _b08-01611 | ||
| 100 |
_aCorbusier, Le _eaut |
||
| 245 | 1 | 0 |
_aMensaje a los estudiantes de arquitectura / _cLe Corbusier ; traducción: Nina de Kalada |
| 250 | _aSexta edición | ||
| 260 | _c1978 | ||
| 264 | 1 |
_aBuenos Aires : _bMéndez Mosquera ; |
|
| 264 | _c©1978 | ||
| 300 |
_a72 páginas : _bIlustraciones _c20 cm |
||
| 336 |
_2rdacontent _atexto _btxt |
||
| 337 |
_2rdamedia _asin mediación _bn |
||
| 338 |
_2rdacarrier _avolumen _bnc |
||
| 942 |
_2ddc _cBK _n0 |
||
| 999 |
_c17077 _d17077 |
||